| 000 | 00666nam a22001937a 4500 | ||
|---|---|---|---|
| 999 |
_c165624 _d165624 |
||
| 005 | 20230622160344.0 | ||
| 010 | _aB-125747 ENG-137161 | ||
| 020 |
_c800.00 _a9788193555439 |
||
| 035 | _aEN-109279 EN-120693 | ||
| 037 | _bDBAD/PUB | ||
| 082 | _a355.954 | ||
| 245 |
_aIndia's evolving National security agenda: _bby Harsh V.Pant _cModi and beyond/ |
||
| 260 |
_aNew Delhi _bKonark Publishers _c2016 |
||
| 270 |
_a206, first floor, Peacock lane, Shahpur Jat, _bNew Delhi _e110049 _k9355293900 _mindia@konarkpublishers.com |
||
| 300 |
_axxi,186p. _c24cm(Hb) |
||
| 500 | _ainclude index | ||
| 700 | _aHarsh V. Pant | ||
| 942 |
_2ddc _cEN _h355.954 _mINA |
||